00836nas a2200229Ia 4500001001100000003000900011008004100020040001300061040001300074041001300087100005100100210001400151222001400165245007700179250001100256260005000267501008600317300001700403362003400420500011600454650003600570R007/H8401IT-RoPAU151124c99999999xx |||||||||||| ||und|| aIT-RoPAU cIT-RoPAU aITALIANO aMancino Anton GiuliogCodice Aut. SPICS: 34661 aCINEFORUM aCineforum aCINEFORUM, ANNO 48-N.474 (MAGGIO 2008)bShine A Light di Martin Scorsese a1a ed. aBERGAMObFEDERAZIONE ITALIANA CINEFORUMc2008 bPaulus - SPICS - Società San Paolo EM (non-commercial uses only)cCopyright2015 a3 p. [23-25] aANNO 048, N.474 (MAGGIO 2008) aScheda, Trama e Recensione del Film. The Night Of The Living Stones. i Rolling Stones Visti da Martin Scorsese. aCINEMAvPUBBLICAZIONE PERIODICA